Welcome to the Holygrace Academy Library

Please use search bar below to get started

GRUESOME GRUB (Record no. 3154)

MARC details
000 -LEADER
fixed length control field 00299nam a22001337a 4500
020 ## - INTERNATIONAL STANDARD BOOK NUMBER
ISBN 0-7496-2033-1
082 ## - DEWEY DECIMAL CLASSIFICATION NUMBER
Classification number 823
Item number ELD/G
100 ## - MAIN ENTRY--AUTHOR NAME
Personal name ELDIN, PETER
245 ## - TITLE STATEMENT
Title GRUESOME GRUB
Remainder of title FOUL FACTS
260 ## - PUBLICATION, DISTRIBUTION, ETC. (IMPRINT)
Place of publication LONDON
Name of publisher WATTS BOOKS
Year of publication 1995
300 ## - PHYSICAL DESCRIPTION
Number of Pages 91
650 ## - SUBJECT ADDED ENTRY--TOPICAL TERM
Topical Term NOVEL
Geographic subdivision UNITED KINGDOM
942 ## - ADDED ENTRY ELEMENTS (KOHA)
Koha item type Books
Holdings
Withdrawn status Lost status Collection code Home library Current library Shelving location Date acquired Source of acquisition Cost, normal purchase price Full call number Accession Number Koha item type
    Fiction Main Library Main Library SHELF-14E- ALPHABETICAL -E,F,G --ENGLISH NOVELS & FICTIONS 01/02/2019 purchase 30.00 823 ELD/G 10973 Books